000 00489nam a2200169 i 4500
001 bg
100 1 _aKORDUS, Aleksander
245 0 _aStatyka przewodów napowietrznych linii elektroenergetycznych z przykładami /
_cAleksander Kordus, Henryk Dymal, Eugeniusz Mitkowski.
250 _aWyd.2.
260 _aPoznań,
_c1974.
700 1 _aDYMAL, Henryk
700 1 _aMITKOWSKI, Eugeniusz
040 _cBPK
041 _apol
942 _cKS
008 s pl f |000 0 pol
999 _c15790
_d15790
856 _uhttp://koha.tu.koszalin.pl/cgi-bin/koha/opac-detail.pl?biblionumber=15790
_yKatalog online BPK